000 00546nam a2200205 a 4500
005 20260322212038.0
008 data
020 _a9781680210002
092 _a332 Gard 2015
100 1 _aGardner, Jane
245 1 0 _aLiving on a budget
_cJane Gardner & PJ Gray.
246 _aRoad trip
260 _a[Costa Mesa, California] :
_bSaddleback Educational Publishing,
_c2015.
300 _a31 pages : color illustrations ;
_b20 cm
490 _aMoney Skills
650 0 _abudgeting
650 0 _aFinance, Personal
700 1 _aGray, PJ
001 data
999 _c894
_d894